|
|
|
|
| LEADER |
01009nam a22002417a 4500 |
| 001 |
AAL4310 |
| 003 |
BD-DhAAL |
| 005 |
20160724094455.0 |
| 008 |
160724s 2002bg ||||| |||| 00| 0 ben d |
| 020 |
|
|
|a 9848260161
|
| 040 |
|
|
|a BD-DhAAL
|c BD-DhAAL
|
| 082 |
|
|
|a 891.443
|
| 100 |
|
|
|a গোর্কি, ম্যাক্সিম
|9 20144
|
| 245 |
|
|
|a পৃথিবীর পাঠশালায় /
|c ম্যাক্সিম গোর্কি, পুস্পময়ী বসু
|
| 260 |
|
|
|a ঢাকা :
|b দি স্কাই পাবলিশার্স,
|c ২০০২
|
| 300 |
|
|
|a ১১১ পৃ. ;
|c ২২ সে.মি.
|
| 541 |
|
|
|e 4310
|
| 650 |
|
|
|a Bengali fiction
|9 20145
|
| 700 |
|
|
|a বসু, পুস্পময়ী
|9 20146
|
| 852 |
|
|
|a Savar Campus Library
|c General Shelf
|
| 942 |
|
|
|2 ddc
|c BK
|
| 999 |
|
|
|c 37715
|d 37715
|
| 952 |
|
|
|0 0
|1 0
|2 ddc
|4 0
|6 891_443000000000000_GOR
|7 0
|9 59416
|a SCL
|b SCL
|c GEN
|d 2016-07-24
|g 70.00
|l 0
|o 891.443 GOR
|p 3020004310
|r 2016-07-24
|t 1
|w 2016-07-24
|y BK
|